1068 1496 1000 1531 1420 1289 1964 1577 1127 1335 1310 1374 1926 1362 1134 1242 1768 1757 1438 1832 1345 1522 1210 1046 1698 1027 1505 1442 1779 1001 1692 1116 1982 1228 1161 1277 1181 1815 1899 1729 1244 1605 1159 1180 1852 1852 1425 1003 1842 1826 1293 1510 1903 1865 1186 1397 1350 1179 1049 1448 1541 1444 1267 1372 1681 1112 1301 1447 1948 1005 1906 1564 1405 1766 1103 1354 1513 1611 1247 1889 1180 1903 1623 1686 1662 1704 1094 1825 1012 1954 1805 1762 1107 1097 1354 1283 1987 1016 1536 BCNSPRNW ULIB Ver.6.0+V

เปลี่ยนเป็นภาษาไทย

Change to English
 แสดงรายละเอียดบรรณานุกรม
  กลับหน้าหลัก

Brief Record : Get Marc (ISO 2709) : E-mail record : QR code < ปิดหน้าต่าง
LEADER : 00000nam 2200000uu 4500
001    13399122770
003     ULIB
008    130917s2555||||th 000 0 tha d
020    ^a9786162791079
060 04 ^aWB105^bฟ692
110 1  ^aภาควิชาเวชศาสตร์ฉุกเฉิน คณะแพทยศาสตร์ศิริราชพยาบาล มหาวิทยาลัยมหิดล
245 00 ^aFirst Hour in Emergency Room :^bthe practical approach 2012 /^cภาควิชาเวชศาสตร์ฉุกเฉิน คณะแพทยศาสตร์ศิริราชพยาบาล มหาวิทยาลัยมหิดล.
250    ^aพิมพ์ครั้งที่ 1.
260    ^aกรุงเทพฯ :^bภาควิชาเวชศาสตร์ฉุกเฉิน คณะแพทยศาสตร์ศิริราชพยาบาล มหาวิทยาลัยมหิดล,^c2555.
300    ^a371 หน้า :^bภาพประกอบ ;^c30 ซม.
505 0  ^a-- Future trend in Thai emergency medicine -- Hoe to improve outcome in cardiac arrest patients: New guideline and devices -- What''''''''''''''''''''''''''''''''s new in pediatric cardiopulmonary resuscitation (CPR) 2010 guidelines? -- Neonatal Resusctation Update 2010 -- First hour management of septic shock -- Early goal directed therapy in pediatric septic shock -- Approach to acute dyspnea -- Non-invasive ventitation in ER setting -- การดูแลระบบทางเดินหายใจในสถานการณ์ฉุกเฉิน -- การปรับเครื่องช่วยหายใจสำหรับผู้ป่วยในห้องฉุกเฉิน -- ความผิดปกติของคลื่นไฟฟ้าหัวใจที่พบบ่อยในห้องฉุกเฉิน -- Acute ST segment elevation myocardial infarction -- การดูแลผู้ป่วยเจ็บหน้าอกที่มีความเสี่ยงต่อการเป็นโรคหลอดเลือดหัวใจต่ำ -- Acute Aortic Dissection -- ภาวะทางเดินอาหารอุดตัน -- การตั้งครรภ์นอกมดลูก -- Acute Stroke Care: Improving the Recognition and Management of acute Stroke -- Imaging of acute ischemic stroke -- การรักษาภาวะสมองขาดเลือดเฉียบพลันโดยการใส่สายสวนหลอดเลือดแดง -- การประเมินและช่วยเหลือเบื้องต้นในผู้ป่วยที่ได้รับบาดเจ็บแผลไฟไหม้ -- การดูแลผู้ป่วยทางพิษวิทยาที่ห้องฉุกเฉิน 2012 -- พิษวิทยาที่พบบ่อยในเด็ก -- การดูแลผู้ป่วยจากการปนเปื้อนวัตถุอันตราย -- Update Pre-hospital Care 2012^b
650  7 ^aการพยาบาลฉุกเฉิน
650  7 ^aภาวะฉุกเฉิน^xการรักษา
653    ^aผลงานอาจารย์คณะแพทยศาสตร์ศิริราชพยาบาล
700 0  ^aไชยรัตนฺ เพิ่มพิกุล,^eบรรณาธิการ
700 0  ^aทิพา ชาคร,^eบรรณาธิการ
710 2  ^aมหาวิทยาลัยมหิดล. ^bคณะแพทยศาสตร์ศิริราชพยาบาล. ^bภาควิชาเวชศาสตร์ฉุกเฉิน
945    ^p350^l0^i20221
945    ^p350^l0^i20222
999    ^aทศพร เกษรทอง
รายการนี้ยังไม่มีแท็ก
คุณยังไม่ได้ล็อกอิน คุณสามารถมีกิจกรรมร่วมกับเว็บไซต์ได้ แต่ต้องล็อกอินก่อน ::
  ล็อกอิน

รายการสื่อสารสนเทศ

ลำดับที่ ประเภท เลขเรียก/บาร์โค้ด สถานที่ สถานะ
1. วิทยาศาสตร์การแพทย์ และสุขภาพ
วิทยาศาสตร์การแพทย์ และสุขภาพ
สถานะ=หนังสือเก่า
WB105 ฟ692 ฉ.1 
  Barcode: 20221
ห้องสมุดวิทยาเขตนครสวรรค์
►ส่วนจัดเก็บหนังสือเก่า นว.
บนชั้น
  ขอยืม
2. วิทยาศาสตร์การแพทย์ และสุขภาพ
วิทยาศาสตร์การแพทย์ และสุขภาพ
สถานะ=หนังสือเก่า
WB105 ฟ692 ฉ.2 
  Barcode: 20222
ห้องสมุดวิทยาเขตนครสวรรค์
►ส่วนจัดเก็บหนังสือเก่า นว.
บนชั้น
  ขอยืม

รายการใกล้เคียง
    หัวเรื่อง [การพยาบาลฉุกเฉิน]

BibComment


ยังไม่เคยถูกคอมเมนท์

คอมเมนท์ทรัพยากรรายการนี้
  คอมเมนท์: First Hour in Em..


 Copyright 2026. Bcnsprnw @Library